000 00689nam a2200241 4500
001 174402
003 ES-MaACL
005 20240531102432.0
008 100414s1995 sp |||| | spa d
017 _aM 8000-1995
020 _a84-8218-014-2
080 _a821.134.2-14"19"
100 1 _aFerreras, Juan Ignacio.
_950525
245 1 3 _aLa noche inacabada /
_cJuan Ignacio Ferreras ; prólogo de Carlos Álvarez.
250 _a1ª ed.
260 _aMadrid :
_bVosa,
_c1995.
300 _a47 p. ;
_c20 cm.
490 1 _aPoesía
700 1 _aÁlvarez, Carlos,
_d1933-2022
_9142520
830 0 _aPoesía
_9177794
852 4 _a BA
_jC-57123
999 _c174402
_d174402